Normal view
MARC view
Entry Personal Name
001 - CONTROL NUMBER
- control field: 7221
003 - CONTROL NUMBER IDENTIFIER
- control field: OSt
005 - DATE AND TIME OF LATEST TRANSACTION
- control field: 20211028144027.0
008 - FIXED-LENGTH DATA ELEMENTS
- fixed length control field: 211028|| aca||aabn | a|a d
040 ## - CATALOGING SOURCE
- Original cataloging agency: OSt
- Transcribing agency: OSt
100 ## - HEADING--PERSONAL NAME
- Personal name: Kumar K, Roshan; Pereira, Divya.
- Miscellaneous information: 1216109
670 ## - SOURCE DATA FOUND
- Source citation: Work cat.: (OSt): Kumar K, Roshan; Pereira, Divya. 1216109, Study on the distribution channel and its impact on Daijiworld weekly subscribers in and around Mangalore., 2014